| 000 | 00410pab a2200133 454500 | ||
|---|---|---|---|
| 008 | 180718b xxu||||| |||| 00| 0 eng d | ||
| 100 | _aO'Sullivan Tim | ||
| 245 | _aThe voluntary-statutory relationship in the health services | ||
| 362 | _a42(1), Spring 1994, p.3-24 | ||
| 650 | _a Voluntary Health Agencies -- Ireland | ||
| 650 | _aMedical Care -- Ireland | ||
| 773 | _aAdministration (Ireland) | ||
| 909 | _a27944 | ||
| 999 |
_c27944 _d27944 |
||